| 000 -LEADER |
| fixed length control field |
01492nam a2200277Ia 4500 |
| 001 - CONTROL NUMBER |
| control field |
16235 |
| 003 - CONTROL NUMBER IDENTIFIER |
| control field |
GE_BSU |
| 008 - FIXED-LENGTH DATA ELEMENTS--GENERAL INFORMATION |
| fixed length control field |
181216s||||||||xx |||||||||||||| ||und|| |
| 020 ## - INTERNATIONAL STANDARD BOOK NUMBER |
| International Standard Book Number |
ISBN 978-9941-13-194-3 |
| 040 ## - CATALOGING SOURCE |
| Transcribing agency |
GE_BSU |
| 080 ## - UNIVERSAL DECIMAL CLASSIFICATION NUMBER |
| Universal Decimal Classification number |
502.3(479.22) |
| 100 ## - MAIN ENTRY--PERSONAL NAME |
| Personal name |
სეფერთელაძე,ზურაბ; დავითაია,ეთერ; მარგველანი,გელა. |
| 245 ## - TITLE STATEMENT |
| Title |
ბუნებათსარგებლობის გეოგრაფია=Geography of nature management |
| 245 ## - TITLE STATEMENT |
| Remainder of title |
სახელმძღვ. |
| 245 ## - TITLE STATEMENT |
| Statement of responsibility, etc. |
რედ:თენგიზ ურუშაძე. |
| 260 ## - PUBLICATION, DISTRIBUTION, ETC. |
| Place of publication, distribution, etc. |
თბილისი |
| 260 ## - PUBLICATION, DISTRIBUTION, ETC. |
| Name of publisher, distributor, etc. |
თბილ. უნ-ტის გამ-ბა, |
| 260 ## - PUBLICATION, DISTRIBUTION, ETC. |
| Date of publication, distribution, etc. |
2011 |
| 300 ## - PHYSICAL DESCRIPTION |
| Extent |
232 გვ. : ცხრ. 25 სმ. |
| 300 ## - PHYSICAL DESCRIPTION |
| Other physical details |
პარალ. თავფურ. და რეზ. ინგლ.. - ძირითადი ტერმინოლოგია: გვ. 217-226. - ბიბლიოგრ.: გვ. 227-230 |
| 653 ## - INDEX TERM--UNCONTROLLED |
| Uncontrolled term |
ბუნება |
| 653 ## - INDEX TERM--UNCONTROLLED |
| Uncontrolled term |
ბუნებათსარგებლობის გეოგრაფია=Geography of nature management:[სახელმძღვ.] |
| 653 ## - INDEX TERM--UNCONTROLLED |
| Uncontrolled term |
საქართველოს ბუნება; რაციონალური ბუნებათსარგებლობა; ბუნების დაცვა საქართველოში; |
| 942 ## - ADDED ENTRY ELEMENTS (KOHA) |
| Koha item type |
წიგნი |